Click the Twenty One Pilots Song Title Ending - Statistics

General Stats
  • This quiz has been taken 691 times
  • The average score is 25 of 27
Answer Stats
Hint Answer % Correct
Stressed Out
99%
Tear In My Heart
98%
Shy Away
95%
Level Of Concern
95%
House Of Gold
95%
Guns For Hands
95%
Cut My Lip
95%
Car Radio
95%
Lane Boy
94%
Nico And The Niners
94%
Addict With A Pen
94%
Ode To Sleep
94%
Not Today
94%
My Blood
93%
Pet Cheetah
93%
The Run And Go
93%
Neon Gravestones
93%
Message Man
93%
Mulberry Street
93%
Leave The City
92%
Implicit Demand For Proof
91%
Good Day
90%
March To The Sea
90%
Air Catcher
89%
Never Take It
89%
No Chances
88%
Christmas Saves The Year
84%
No matching quizzes found
Score Distribution
Percent of People with Each Score
Percentile by Number Answered
Your Score History
You have not taken this quiz